[Event "35th TCh-GRE"]
[Site "Ermioni GRE"]
[Date "2006.07.08"]
[Round "7"]
[White "Katzourakis,P"]
[Black "Katsiris,I"]
[Result "0-1"]
[WhiteElo "2106"]
[BlackElo "2132"]

1.e4 c5 2.Nf3 Nc6 3.Nc3 e5 4.Bc4 Be7 5.d3 Nf6 6.O-O O-O 7.Ng5 h6 8.f4 exf4
9.Nh3 g5 10.Nxf4 gxf4 11.Bxf4 Kh7 12.e5 Ng8 13.Qh5 d5 14.exd6 Bxd6 15.Bxd6 Qxd6
16.Bxf7 Ne5 17.Bd5 Nf6 18.Be4+ Nxe4 19.Nxe4 Qd4+ 20.Kh1 Bg4 21.Qh4 Qd8 22.Qg3 Qe7
23.h3 Bf5 24.Nc3 Qg7 25.Qe3 b6 26.Rae1 Ng6 27.Ne4 Bxe4 28.dxe4 Rxf1+ 29.Rxf1 Rf8
30.Rd1 Re8 31.Qf3 Re7 32.c3 Qe5 33.Re1 c4 34.Qe3 Nf4 35.Qf3 Rg7 36.g4 Nd3
37.Re2 Qf4 38.Qxf4 Nxf4 39.Re3 Rd7 40.Rf3 Ng6 41.Rf2 Kg7 42.Kg2 Re7 43.Rd2 Rxe4
44.Kf3 Re7 45.b3 Rc7 46.bxc4 Rxc4 47.Rd7+ Kf6 48.Rxa7 Rxc3+ 49.Ke4 Rxh3 50.Rb7 Ra3
51.Rxb6+ Kg5 52.Rb2 Kxg4 53.Rg2+ Kh5 54.Kd4 Nf4 55.Rh2+ Kg5 56.Kc4 h5 57.Kb4 Ra8
58.a4 Nd5+ 59.Kc5 Ra5+ 60.Kd4 Nb6  0-1

[Event "XXIV Andorra Open"]
[Site "Andorra la Vella AND"]
[Date "2006.07.09"]
[Round "2"]
[White "Galego,L"]
[Black "Edouard,R"]
[Result "1/2-1/2"]
[WhiteElo "2528"]
[BlackElo "2404"]

1.e4 c5 2.Nf3 Nc6 3.Nc3 d6 4.Bb5 Bd7 5.O-O Nf6 6.Re1 e6 7.Bxc6 Bxc6 8.d4 cxd4
9.Nxd4 Be7 10.a4 O-O 11.a5 a6 12.Nxc6 bxc6 13.Be3 d5 14.exd5 cxd5 15.Na4 Bb4
16.Bb6 Qb8 17.c3 Bd6 18.g3 Nd7 19.Bd4 Qb5 20.Qe2 Qc6 21.Nb6 Nxb6 22.axb6 a5
23.Qg4 e5 24.Rxe5 Bxe5 25.Bxe5 g6 26.Qd4 a4 27.Qb4 Rfe8 28.b7 Rxe5 29.bxa8=Q+ Qxa8
30.Rxa4 Re1+ 31.Kg2 Qc6 32.Kh3 h5 33.Qb8+ Kg7 34.Qf4 Qe6+ 35.Kg2 Qe2 36.Kh3 Qe6+
37.Kg2 Qe2  1/2-1/2

[Event "DS IM"]
[Site "Brno CZE"]
[Date "2006.07.09"]
[Round "11"]
[White "Zamarbide Inarrea,B"]
[Black "Toma,K"]
[Result "1/2-1/2"]
[WhiteElo "2184"]
[BlackElo "2238"]

1.e4 c5 2.Nc3 Nc6 3.Bb5 Nd4 4.Bc4 e6 5.Nf3 Nf6 6.O-O a6 7.d3 b5 8.Bb3 Nxb3
9.axb3 Bb7 10.Qe2 d6 11.h3 Be7 12.Nh2 d5 13.e5 Nd7 14.f4 Qc7 15.Nf3 b4 16.Nb1 Nb6
17.d4 c4 18.Be3 a5 19.Qf2 O-O 20.f5 exf5 21.Nh4 Bxh4 22.Qxh4 cxb3 23.cxb3 Qd7
24.Nd2 f6 25.Nf3 a4 26.Bd2 axb3 27.Bxb4 Rf7 28.Rxa8+ Nxa8 29.Re1 Nc7 30.exf6 gxf6
31.Re3 Bc8 32.Qe1 Rg7 33.Rxb3 f4 34.Kh2 Rg3 35.Qe7 Qxe7 36.Bxe7 Ne8 37.Bb4 Ba6
38.Kg1 Bc4 39.Ra3 Kf7 40.Ra7+ Kg8 41.Bd2 Rg7 42.Ra8 Re7 43.Bxf4 Kf7 44.Rb8 Re4
45.Bg3 h5 46.b4 h4 47.Bxh4 Nd6 48.Rb6 Re6 49.Bg3 Nf5 50.Rxe6 Kxe6 51.Kf2 Ne7
52.Bf4 Kf5 53.Bd6 Nc6 54.Ke3 Bf1 55.g4+ Ke6 56.Bc5 Bxh3 57.Kf4 Bf1 58.Nh4 Nd8
59.Ng6 Kf7 60.Nh4 Ne6+ 61.Kg3 Ng5 62.Nf5 Ne4+ 63.Kf4 Ke6 64.Ne3 Bd3 65.Nd1 Bb5
66.Ne3 Bd3 67.Kf3 Nc3 68.Ng2 Be2+ 69.Kf4 Bb5 70.Ke3 Bc4 71.Nf4+ Kf7 72.Nh3  1/2-1/2

[Event "3rd South Wales Int"]
[Site "Caerleon WLS"]
[Date "2006.07.09"]
[Round "3"]
[White "Rudd,J"]
[Black "Cox,Tr"]
[Result "1-0"]
[WhiteElo "2328"]
[BlackElo "2062"]

1.e4 c5 2.Nf3 Nc6 3.Nc3 Nf6 4.d4 cxd4 5.Nxd4 e5 6.Ndb5 d6 7.Bg5 a6 8.Na3 b5
9.Nd5 Be7 10.Bxf6 Bxf6 11.c3 O-O 12.Be2 Bg5 13.Bg4 Bb7 14.Nc2 Ne7 15.Ncb4 a5
16.Nxe7+ Qxe7 17.Nd5 Bxd5 18.Qxd5 b4 19.cxb4 axb4 20.O-O Qc7 21.Bd1 Qc5 22.Bb3 Qxd5
23.Bxd5 Ra5 24.g3 Bd8 25.a3 bxa3 26.Rxa3 Rb5 27.b3 Bb6 28.Rfa1 Bc5 29.Ra8 Rbb8
30.R8a6 Rfc8 31.Kg2 g6 32.h4 Kg7 33.R1a2 Rc7 34.Ra8 Rcc8 35.Rxb8 Rxb8 36.Ra6 Rc8
37.Bc4 Rc7 38.Kf1 Kf8 39.Ra8+ Ke7 40.Rb8 Ba7 41.Rh8 h5 42.f3 Bd4 43.g4 hxg4
44.fxg4 Ra7 45.Rb8 Rc7 46.Ke2 Ba7 47.Rg8 Kf6 48.h5 Kg5 49.Rg7 d5 50.hxg6 Kf6
51.Rxf7+ Rxf7 52.gxf7 Kxf7 53.Bxd5+ Ke8 54.b4 Bb6 55.Kd3 Bd8 56.Kc4 Kd7 57.Kb5 Kc7
58.Ka6 Kb8 59.b5 Bg5 60.b6 Bf4 61.Kb5 Be3 62.Kc6 Kc8 63.b7+ Kb8 64.Kd6  1-0

[Event "21st North Sea Cup"]
[Site "Esbjerg DEN"]
[Date "2006.07.09"]
[Round "2"]
[White "Djuric,S"]
[Black "Wiecker,S"]
[Result "1-0"]
[WhiteElo "2466"]
[BlackElo "2052"]

1.e4 c5 2.Nf3 Nc6 3.Nc3 d6 4.Bb5 Bd7 5.O-O Nf6 6.Re1 e5 7.a3 Be7 8.h3 O-O
9.Bc4 Ne8 10.Nd5 Nc7 11.c3 Ne6 12.b4 b6 13.Rb1 Rc8 14.d3 Kh8 15.Ba2 Qe8 16.Ne3 g6
17.Nd5 Bd8 18.Bb2 f6 19.Nd2 b5 20.Ba1 Rb8 21.Nf3 a5 22.d4 axb4 23.dxc5 dxc5
24.cxb4 c4 25.a4 Ra8 26.a5 Nxb4 27.Nxb4 Bxa5 28.Qc2 Nf4 29.Re3 Qc8 30.Bc3 Bb6
31.Nxe5 fxe5 32.Bxe5+ Kg8 33.Bxf4 Rxf4 34.Nd5 Bxe3 35.Ne7+ Kf8 36.Nxc8 Rxf2
37.Qc3 Rfxa2+ 38.Qxe3 Rxc8 39.Qd4 Ke7 40.Rd1 Be6 41.Qd6+  1-0

[Event "5th Open"]
[Site "La Fere FRA"]
[Date "2006.07.09"]
[Round "2"]
[White "Gozzoli,Y"]
[Black "Delorme,L"]
[Result "1-0"]
[WhiteElo "2470"]
[BlackElo "2068"]

1.e4 c5 2.Nc3 Nc6 3.Bb5 Nd4 4.Bc4 g6 5.Nf3 Bg7 6.O-O e6 7.Nxd4 cxd4 8.Nb5 d5
9.exd5 exd5 10.Bxd5 a6 11.Qf3 Nf6 12.Re1+ Kf8 13.Qa3+ Kg8 14.Bxf7+ Kxf7 15.Nd6+ Qxd6
16.Qxd6 Rf8 17.Re7+ Kg8 18.d3 Bf5 19.Bf4 Rad8 20.Rxg7+ Kxg7 21.Qe7+ Kg8 22.Bh6  1-0

[Event "21st North Sea Cup"]
[Site "Esbjerg DEN"]
[Date "2006.07.10"]
[Round "4"]
[White "Pedersen,TP"]
[Black "Nielsen,Henr"]
[Result "1-0"]
[WhiteElo "1923"]
[BlackElo "1994"]

1.e4 c5 2.Nf3 Nc6 3.Nc3 g6 4.Be2 Bg7 5.O-O d6 6.Re1 Nf6 7.Bf1 Nd7 8.b3 a6
9.a4 Nde5 10.Nxe5 Nxe5 11.Bb2 O-O 12.h3 b6 13.g3 Bb7 14.Bg2 Rc8 15.d3 Nc6
16.Rb1 Nb4 17.Nd5 Bxb2 18.Rxb2 e6 19.Ne3 b5 20.axb5 axb5 21.c3 Nc6 22.f4 Ra8
23.e5 dxe5 24.fxe5 f5 25.exf6 Qxf6 26.d4 cxd4 27.Ng4 Qg7 28.cxd4 Rad8 29.Rd2 Rd6
30.d5 exd5 31.Rxd5 Rdd8 32.Rd6 Nd4 33.Qxd4 Qxd4+ 34.Rxd4 Rxd4 35.Bxb7 h5
36.Ne5 Kg7 37.Bc6 b4 38.Bb5 Rf5 39.Bc4 Rd2 40.Re3 Rd1+ 41.Kg2 Rd2+ 42.Be2 Rf6
43.Nf3 Rb2 44.h4 Rc6 45.Nd4 Rc3 46.Kf3 Rd2 47.Ne6+ Kf6 48.Nf4 Rd4 49.Bc4 Rdxc4
50.bxc4 Rxc4 51.Re6+ Kf7 52.Re3 Kf6 53.Ke2 Kf5 54.Kf3 Rc3 55.Rxc3 bxc3 56.Nd5 g5
57.hxg5 c2 58.Ne3+ Kxg5 59.Nxc2 h4 60.g4 h3 61.Ne3 Kh4 62.Kf2 Kg5  1-0

[Event "Open"]
[Site "Kavala GRE"]
[Date "2006.07.11"]
[Round "9"]
[White "Heberla,B"]
[Black "Papadopoulos,I"]
[Result "1-0"]
[WhiteElo "2551"]
[BlackElo "2285"]

1.e4 c5 2.Nc3 Nc6 3.Bb5 Nd4 4.Bc4 g6 5.Nf3 Bg7 6.Nxd4 cxd4 7.Qf3 Nh6 8.Ne2 O-O
9.d3 e5 10.h4 d6 11.Bg5 Qa5+ 12.Bd2 Qd8 13.Qg3 Ng4 14.h5 Re8 15.hxg6 hxg6
16.f3 Nf6 17.Qxg6 d5 18.Bxd5 Qxd5 19.Qxf6 Bxf6 20.exd5 Rd8 21.c4 Bf5 22.Nc1 b5
23.Ke2 bxc4 24.dxc4 e4 25.fxe4 Bxe4 26.Bf4 Rac8 27.b3 d3+ 28.Nxd3 Bxa1 29.Rxa1 Re8
30.Kd2 f6 31.Be3 Rc7 32.Nf4 Rg7 33.Rf1 Kf7 34.Rf2 a5 35.Bd4 a4 36.Bxf6 Kxf6
37.Nh5+ Kg6 38.Nxg7 Kxg7 39.Kc3 axb3 40.axb3 Bg6 41.Kd4 Rb8 42.Kc3 Bf7 43.b4 Kf8
44.b5 Ke8 45.Kb4 Bg8 46.Ra2 Kd7 47.Ra7+ Kd6 48.Rg7  1-0

[Event "ch-SCO"]
[Site "Troon SCO"]
[Date "2006.07.11"]
[Round "4"]
[White "Marks,I"]
[Black "Brown,Ste"]
[Result "1/2-1/2"]
[WhiteElo "1944"]
[BlackElo "2087"]

1.e4 c5 2.Nc3 Nc6 3.Bb5 g6 4.Bxc6 dxc6 5.d3 e5 6.f4 Bg7 7.fxe5 Bxe5 8.Nf3 Bd4
9.Nxd4 cxd4 10.Ne2 Bg4 11.O-O Ne7 12.Bg5 h6 13.Bf6 Rh7 14.Qd2 Bxe2 15.Qxe2 Qd6
16.Rae1 O-O-O 17.c3 dxc3 18.bxc3 Rd7 19.d4 Ng8 20.Be5 Qe6 21.Qc2 f6 22.Bg3 Rhe7
23.Qa4 b6 24.Qa6+ Kd8 25.Rb1 Ke8 26.Rbe1 Kf7  1/2-1/2

[Event "II Int Open"]
[Site "Alajuela CRC"]
[Date "2006.07.12"]
[Round "2"]
[White "Mitkov,N"]
[Black "Centeno,E"]
[Result "1-0"]
[WhiteElo "2563"]
[BlackElo "2004"]

1.e4 c5 2.Nc3 Nc6 3.Bb5 Nd4 4.Ba4 g6 5.Nf3 Bg7 6.O-O a6 7.Nxd4 cxd4 8.Ne2 b5
9.Bb3 Bb7 10.d3 Qb6 11.Kh1 Nf6 12.f3 O-O 13.Qe1 Qc5 14.Qf2 Rac8 15.a3 d6
16.Bd2 Nd7 17.Qh4 Bf6 18.Qg4 Ne5 19.Qg3 Nc6 20.f4 Bg7 21.f5 Ne5 22.Bg5 Rc7
23.c3 Nc6 24.Rac1 Qb6 25.fxg6 hxg6 26.cxd4 Nxd4 27.Nxd4 Rxc1 28.Rxc1 Bxd4
29.Bxe7 Re8 30.Qxd6  1-0

[Event "6th TCh-Euro u18"]
[Site "Balatonlelle HUN"]
[Date "2006.07.12"]
[Round "1"]
[White "Zvarik,M"]
[Black "Banusz,T"]
[Result "1/2-1/2"]
[WhiteElo "2211"]
[BlackElo "2480"]

1.e4 c5 2.Nf3 Nc6 3.Nc3 e5 4.Nd5 d6 5.c3 Nf6 6.Nxf6+ Qxf6 7.d3 Qd8 8.Be2 Be7
9.O-O O-O 10.d4 exd4 11.cxd4 Bf6 12.Be3 b6 13.e5 dxe5 14.dxc5 Nd4 15.Bxd4 exd4
16.c6 a6 17.Ne1 Qd6 18.Nd3 Be6 19.Bf3 Rfc8 20.Qa4 Bd5 21.Bxd5 Qxd5 22.Rac1 b5
23.Qa5 Qe4 24.Nb4 d3 25.Rcd1 Bd8 26.Qa3 Be7 27.Rfe1 Bxb4 28.Rxe4 Bxa3 29.bxa3 Rxc6
30.Rd4 Rc2 31.R4xd3 g6 32.R1d2 Rac8 33.Kf1 Rxd2 34.Rxd2 Rc3 35.a4 bxa4 36.Rd6 Rc2
37.Rxa6 Rxa2 38.g3 a3 39.Kg2 Ra1 40.Kf3 Kf8 41.Ra7 Kg7 42.Ra6 Kf8 43.Ra7 Ke8
44.h3 h5 45.Kg2 Kd8 46.Rxf7 Kc8 47.Ra7 Kb8 48.Ra4 Kb7 49.Kf3 Kb6 50.Kf4 Kb5
51.Ra8 Kb4 52.Kg5 Rc1 53.Rb8+ Ka4 54.Ra8+ Kb3 55.Rb8+ Kc2 56.Ra8 Kb2 57.Kxg6 a2
58.f4  1/2-1/2

[Event "6th TCh-Euro u18"]
[Site "Balatonlelle HUN"]
[Date "2006.07.12"]
[Round "1"]
[White "Bosiocic,Mari"]
[Black "Chirila,I"]
[Result "1/2-1/2"]
[WhiteElo "2433"]
[BlackElo "2292"]

1.e4 c5 2.Nf3 Nc6 3.Nc3 e5 4.Bc4 d6 5.d3 Be7 6.Nd2 Nf6 7.Nf1 O-O 8.Ne3 Be6
9.O-O Nd7 10.Ncd5 Bg5 11.f4 exf4 12.Nxf4 Bxf4 13.Rxf4 Nde5 14.b3 Qd7 15.Bb2 Ne7
16.Qh5 N7g6 17.Rf2 b5 18.Bd5 Rac8 19.Raf1 f6 20.Bxe6+ Qxe6 21.g4 Ne7 22.g5 fxg5
23.Rxf8+ Rxf8 24.Rxf8+ Kxf8 25.Qxh7 Qf6 26.Qh8+ Kf7 27.Bxe5 Qxe5 28.Qh5+ Ng6
29.Kf2 Qf6+ 30.Ke1 Kf8 31.Ng4 Qa1+ 32.Kd2 Nh4 33.Ke2 Qc1 34.Ne3 Qg1 35.Qh8+ Kf7
36.Qh5+  1/2-1/2

[Event "6th TCh-Euro u18"]
[Site "Balatonlelle HUN"]
[Date "2006.07.12"]
[Round "1"]
[White "Green,An"]
[Black "Bogosavljevic,B"]
[Result "0-1"]
[WhiteElo "1906"]
[BlackElo "2302"]

1.e4 c5 2.Nf3 Nc6 3.Nc3 Nf6 4.Bb5 g6 5.h3 Bg7 6.O-O O-O 7.Bxc6 bxc6 8.d3 d6
9.e5 Nd5 10.Ne4 f5 11.exf6 exf6 12.c4 Nc7 13.Bf4 Ne8 14.d4 f5 15.Nc3 cxd4
16.Nxd4 Qb6 17.Nb3 Qb4 18.Re1 Ba6 19.Qf3 Rc8 20.c5 d5 21.Be5 Nf6 22.Nd4 Rfe8
23.Bxf6 Bxf6 24.Nxc6 Qxb2 25.Qxd5+ Kh8 26.Na4 Qb5 27.Nxa7 Qa5 28.Nxc8 Rxe1+
29.Kh2 Rxa1 30.Qe6 Qd8 31.Nd6 Qe7 32.Qd5 Qe5+  0-1

[Event "25th Open"]
[Site "St Veit AUT"]
[Date "2006.07.12"]
[Round "5"]
[White "Manole,V"]
[Black "Csiszar,C"]
[Result "1/2-1/2"]
[WhiteElo "2383"]
[BlackElo "2403"]

1.e4 c5 2.Nc3 Nc6 3.Bb5 Nd4 4.Bc4 e6 5.Nf3 Nf6 6.O-O a6 7.d3 d5 8.exd5 exd5
9.Nxd5 Nxd5 10.Nxd4 Nf6 11.Re1+ Be7 12.Nf3 O-O 13.a4 b6 14.Bf4 Bb7 15.Qe2 Bd6
16.Bxd6 Qxd6 17.Qe5 Qc6 18.Qg3 Qc8 19.Re7 Bd5 20.Rae1 Bxc4 21.dxc4 Qf5 22.R7e2 h6
23.Nh4 Qd7 24.h3 Rae8 25.Rxe8 Rxe8 26.Rxe8+ Nxe8  1/2-1/2

[Event "II Int Open"]
[Site "Alajuela CRC"]
[Date "2006.07.13"]
[Round "4"]
[White "Mitkov,N"]
[Black "Bennett,D"]
[Result "1-0"]
[WhiteElo "2563"]
[BlackElo "2222"]

1.e4 c5 2.Nc3 Nc6 3.Bb5 d6 4.Bxc6+ bxc6 5.d3 e5 6.f4 exf4 7.Bxf4 Ne7 8.Nf3 Ng6
9.Bd2 Be7 10.O-O Bf6 11.Rb1 a5 12.Ne2 O-O 13.Bc3 Bxc3 14.Nxc3 Be6 15.b3 Qc7
16.Qe1 Rae8 17.Qg3 f5 18.exf5 Bxf5 19.Rbe1 Qd7 20.h3 d5 21.Kh2 Rxe1 22.Rxe1 c4
23.dxc4 dxc4 24.Rd1 Qe7 25.Nd4 Qe5 26.Rd2 cxb3 27.cxb3 Rf6 28.Na4 Qd6 29.Qxd6 Rxd6
30.Nf3 Rd5 31.Nb6 Rb5 32.Rd8+ Nf8 33.Nc4 Bb1 34.Na3 Bxa2 35.Nxb5 cxb5 36.Nd4 Kf7
37.Rb8 a4 38.b4  1-0

[Event "5th Open"]
[Site "La Fere FRA"]
[Date "2006.07.13"]
[Round "8"]
[White "Riff,JN"]
[Black "Afek,Y"]
[Result "0-1"]
[WhiteElo "2444"]
[BlackElo "2316"]

1.e4 c5 2.Nc3 Nc6 3.Bb5 g6 4.Nf3 Bg7 5.O-O e6 6.Bxc6 bxc6 7.d3 e5 8.a3 a5
9.Bg5 Qc7 10.b4 axb4 11.axb4 Rxa1 12.Qxa1 cxb4 13.Ne2 Nf6 14.Rb1 O-O 15.Rxb4 d5
16.Ng3 Re8 17.Ra4 h6 18.Bd2 Bg4 19.Ne1 Rb8 20.h3 Be6 21.Ra7 Qd6 22.Ba5 Rc8
23.Bc3 Nd7 24.Qa5 Rb8 25.Ra8 Kh7 26.Rxb8 Qxb8 27.Kh2 Qb1 28.Qa4 d4 29.Ba5 c5
30.Nf3 Qd1 31.Bc7 c4 32.Qa5 Qxc2 33.dxc4 Bxc4 34.Nd2 Be6 35.Ngf1 Nc5 36.f3 Nd7
37.Bd6 h5 38.f4 exf4 39.Nf3 Qf2 40.N1d2 Bh6 41.Kh1 d3 42.Be7 Qe3 43.Qc7 Qb6
44.Qc3 Qb5 45.Nd4 Qe5 46.Qxd3 Bxh3 47.Bb4 Bg4 48.Bc3 Bg7 49.Nb5 Qg5 50.Bxg7 Kxg7
51.Nd6 Qh4+ 52.Kg1 Qe1+ 53.Kh2 Qe3 54.Qd5 Be6 55.Qa5 Qg3+ 56.Kh1 f3 57.Qc3+ Kg8  0-1

[Event "ch-NOR"]
[Site "Moss NOR"]
[Date "2006.07.13"]
[Round "7"]
[White "Bae,T"]
[Black "Gabrielsen,T"]
[Result "1-0"]
[WhiteElo "2284"]
[BlackElo "2235"]

1.e4 c5 2.Nf3 Nc6 3.Nc3 e5 4.Bc4 Be7 5.d3 d6 6.O-O Nf6 7.Ng5 O-O 8.f4 Bg4
9.Qe1 exf4 10.Bxf4 Nd4 11.Qd2 Qd7 12.h3 Be6 13.Nxe6 fxe6 14.a4 Kh8 15.e5 dxe5
16.Bxe5 a6 17.Rae1 b5 18.Ba2 b4 19.Ne2 Nc6 20.Bh2 c4 21.d4 Rac8 22.Kh1 c3
23.bxc3 bxc3 24.Qe3 Nd5 25.Qe4 Bf6 26.Bc4 Ncb4 27.Bb3 Rfe8 28.Ng1 Nc6 29.Nf3 Na5
30.Ba2 Qxa4 31.Bxd5 exd5 32.Qxd5 Red8 33.Qf5 Nc4 34.Ne5 Bxe5 35.dxe5 Nd2
36.Rf4 Qa3 37.Rh4 h6 38.e6 Qe7 39.Rxh6+ gxh6 40.Be5+ Kg8 41.Qg6+ Kf8 42.Qxh6+ Ke8
43.Qg6+ Kf8 44.Bf6  1-0

[Event "ch-Paris"]
[Site "Paris FRA"]
[Date "2006.07.13"]
[Round "6"]
[White "Monroy,C"]
[Black "David,Alb"]
[Result "1/2-1/2"]
[WhiteElo "2388"]
[BlackElo "2546"]

1.e4 c5 2.Nf3 Nc6 3.Nc3 e6 4.Bb5 Nge7 5.O-O a6 6.Bxc6 Nxc6 7.d4 cxd4 8.Nxd4 Qc7
9.Re1 Bd6 10.Nd5 exd5 11.exd5+ Ne5 12.f4 O-O 13.fxe5 Bxe5 14.Nf3 d6 15.Nxe5 dxe5
16.d6 Qc5+ 17.Be3 Qc6 18.Bf2 Rd8 19.Rxe5 Rxd6 20.Qxd6 Qxd6 21.Re8+ Qf8 22.Rxf8+ Kxf8
23.Bc5+ Ke8 24.a4 Be6 25.Ra3 Rd8 26.Rd3 Rxd3  1/2-1/2

[Event "II Int Open"]
[Site "Alajuela CRC"]
[Date "2006.07.14"]
[Round "6"]
[White "Mitkov,N"]
[Black "Urbina,R"]
[Result "1-0"]
[WhiteElo "2563"]
[BlackElo "2290"]

1.e4 c5 2.Nc3 Nc6 3.Bb5 g6 4.Bxc6 dxc6 5.d3 Bg7 6.Be3 b6 7.Qd2 e5 8.f4 exf4
9.Bxf4 Be6 10.Nf3 h6 11.O-O Qe7 12.Be5 Nf6 13.Nd1 O-O-O 14.Qc3 Bg4 15.Qa3 Kb7
16.Bc3 Rhg8 17.Ne3 Be6 18.Rae1 Bf8 19.Ng5 hxg5 20.Bxf6 Qd6 21.e5 Qd7 22.Bxd8 Qxd8
23.Qc3 Rh8 24.Rf2 g4 25.g3 Qg5 26.Nc4 Rh7 27.a4 Kc7 28.a5 b5 29.Nd6 Bxd6
30.exd6+ Kxd6 31.b4 Rh5 32.Qg7 Qe7 33.bxc5+ Rxc5 34.c4 bxc4 35.Qd4+ Rd5 36.Qxc4 Kd7
37.Rb2 Qd6 38.Rb7+ Kd8 39.Qc3 Kc8 40.Reb1 Qc5+ 41.Qxc5 Rxc5 42.Rxa7 Rc2 43.a6 Ra2
44.Ra8+ Kc7 45.Rb7+ Kd6 46.Rd8+ Ke5  1-0

[Event "6th TCh-Euro u18"]
[Site "Balatonlelle HUN"]
[Date "2006.07.14"]
[Round "3"]
[White "Nestorovic,N"]
[Black "Bojovic,D"]
[Result "1-0"]
[WhiteElo "2152"]
[BlackElo "2153"]

1.e4 c5 2.Nf3 Nc6 3.Nc3 g6 4.Bb5 Bg7 5.Bxc6 dxc6 6.d3 e5 7.Be3 Qd6 8.O-O Ne7
9.Nd2 b6 10.a4 O-O 11.a5 Be6 12.Na4 Qc7 13.b4 f5 14.f3 cxb4 15.axb6 axb6
16.Bxb6 Qb7 17.Be3 Qb5 18.Nc5 Bf7 19.Qb1 Bh6 20.Bxh6 Qxc5+ 21.Kh1 Rfb8 22.Rxa8 Rxa8
23.Nb3 Qb5 24.Qb2 Ra3 25.c4 Qb8 26.f4 Qd6 27.Rf3 fxe4 28.fxe5 Qe6 29.dxe4 g5
30.Rf6 Qg4 31.Qd4 Nd5 32.h3 Qg3 33.cxd5  1-0

[Event "16th Heart of Finland Open"]
[Site "Jyvaskyla FIN"]
[Date "2006.07.14"]
[Round "6"]
[White "Nieminen,K"]
[Black "Yrjola,J"]
[Result "0-1"]
[WhiteElo "2190"]
[BlackElo "2398"]

1.e4 c5 2.Nc3 Nc6 3.Nf3 g6 4.Bb5 Bg7 5.O-O d6 6.Re1 e5 7.a4 Ne7 8.d3 O-O
9.Bc4 h6 10.Nd5 Be6 11.Nxe7+ Qxe7 12.c3 f5 13.Qb3 Bxc4 14.Qxc4+ Kh7 15.Qd5 f4
16.Bd2 g5 17.h3 h5 18.Qe6 Qd8 19.h4 gxh4 20.Kf1 Bf6 21.Ke2 Ne7 22.Rh1 Ng6
23.Qf5 Kg7 24.Qxh5 d5 25.Rh3 c4 26.Ne1 dxe4 27.dxe4 Qd7 28.Bc1 Rad8 29.Kf1 Qc6
30.Qe2 Rd7 31.Nf3 Rfd8 32.Bd2 Qb6 33.Be1 Qb3 34.Ra3 Qb6 35.Ra1 Rd3 36.Rh1 Qd6
37.Kg1 Qe6 38.Kh2 Qg4 39.Kg1 Be7 40.Kf1 Qd7 41.Rh2 Qc6 42.Rh1 R8d7 43.Rh2 Qb6
44.Qc2 Qa6 45.Kg1 b5 46.a5 Qd6 47.Kf1 Rd1 48.Rxd1 Qxd1 49.Qe2 Rd3 50.Rh1 Qb1
51.Kg1 Qd1 52.Kf1 Qa1 53.Kg1 Qxa5 54.b4 Qd8 55.Bd2 a5 56.bxa5 Qxa5 57.Kh2 Qd8
58.Ra1 Qd7 59.Ra6 Bf6 60.Be1 Qg4 61.Ra7+ Kh6 62.Ra6 Bg7 63.Rxg6+ Qxg6 64.Nxh4 Qh5
65.f3 Bf6 66.Kh3 Re3 67.Qd2 Rxe1 68.Qxe1 Bxh4 69.Qxh4 b4 70.cxb4 c3  0-1

[Event "3rd St Nikolay GM"]
[Site "Mionica SCG"]
[Date "2006.07.14"]
[Round "5"]
[White "Andonov,B"]
[Black "Bozic,Mi"]
[Result "1/2-1/2"]
[WhiteElo "2391"]
[BlackElo "2357"]

1.e4 c5 2.Nf3 Nc6 3.Nc3 g6 4.d4 cxd4 5.Nxd4 Bg7 6.Nde2 Nf6 7.g3 O-O 8.Bg2 d6
9.h3 Rb8 10.a4 a6 11.O-O b5 12.axb5 axb5  1/2-1/2

[Event "6th TCh-Euro u18 Girls"]
[Site "Balatonlelle HUN"]
[Date "2006.07.15"]
[Round "4"]
[White "Traistaru,T"]
[Black "Remete,Z"]
[Result "1-0"]
[WhiteElo "2150"]
[BlackElo "2125"]

1.e4 c5 2.Nc3 Nc6 3.Nf3 g6 4.Bb5 Bg7 5.Bxc6 bxc6 6.d3 d5 7.Qe2 Bg4 8.h3 Bxf3
9.gxf3 e6 10.h4 h5 11.Kf1 Bf6 12.Bf4 d4 13.Na4 Bxh4 14.Nxc5 Be7 15.Nb3 Bd6
16.Bxd6 Qxd6 17.e5 Qd5 18.c4 dxc3 19.bxc3 Ne7 20.d4 Nf5 21.Nc5 Qd8 22.Qa6 Qb6
23.Kg2 O-O 24.Qa3 Qd8 25.Qc1 Rb8 26.Ne4 Kg7 27.Nf6 Rh8 28.Qg5 Kf8 29.Rab1 Rc8
30.Rb7 Rc7 31.Rhb1 Ne7 32.Ne4 Qd7 33.Nc5 Rxb7 34.Nxd7+ Rxd7 35.Rb8+ Kg7 36.Qf6+  1-0

[Event "Inautomarket Open"]
[Site "Minsk BLR"]
[Date "2006.07.15"]
[Round "6"]
[White "Fedorov,Alex"]
[Black "Oleksienko,M"]
[Result "1/2-1/2"]
[WhiteElo "2617"]
[BlackElo "2497"]

1.e4 c5 2.Nf3 Nc6 3.Nc3 Nf6 4.d4 cxd4 5.Nxd4 e5 6.Ndb5 d6 7.Bg5 a6 8.Na3 b5
9.Nd5 Be7 10.Bxf6 Bxf6 11.c4 b4 12.Nc2 a5 13.Be2 O-O 14.O-O Bg5 15.Qd3 Bb7
16.Rfd1 Ne7 17.Nxe7+ Qxe7 18.Bf3 Rfd8 19.a3 bxa3 20.Nxa3 Bc6 21.Nb5 Qb7 22.Ra2 g6
23.Nc3 Qb4 24.g3 Qc5 25.h4 Be7 26.h5 Rdb8 27.Nd5 Bxd5 28.Qxd5 Qxd5 29.Rxd5 Rb4
30.c5 dxc5 31.Rxe5 Rxb2 32.Rxb2 Bf6 33.Rxc5 Bxb2 34.e5 Ra7 35.hxg6 hxg6 36.Rc8+ Kg7
37.Ra8 Rxa8 38.Bxa8 Bxe5 39.g4 a4  1/2-1/2

[Event "XXIV Andorra Open"]
[Site "Andorra la Vella AND"]
[Date "2006.07.16"]
[Round "9"]
[White "Fernandez Garcia,JoseL"]
[Black "Roy Chowdhury,S"]
[Result "1/2-1/2"]
[WhiteElo "2474"]
[BlackElo "2394"]

1.e4 c5 2.Nf3 Nc6 3.Nc3 a6 4.d4 cxd4 5.Nxd4 e6 6.Nxc6 bxc6 7.Bd3 d5 8.O-O Nf6
9.Qe2 Be7 10.b3 O-O 11.Bb2 Nd7 12.Na4 Bf6 13.c4 d4 14.Ba3 Re8 15.Bd6 e5 16.c5 a5
17.Bc4 Ra7 18.Rad1 Nf8 19.Nb6 Ng6 20.g3 Bh3 21.Rfe1 Be7 22.Bxe7 Qxe7 23.Qh5 Be6
24.Bxe6 Qxe6 25.Qf5 Nf8 26.f4 Nd7 27.Qxe6 Rxe6 28.fxe5 Nxe5 29.Kg2 d3 30.Re3 h5
31.Nc4 Nxc4 32.bxc4 Rd7 33.Rexd3 Rxd3 34.Rxd3 Rxe4 35.Ra3 Rxc4 36.Rxa5 f5
37.h4 Kf7 38.Ra7+ Kf6 39.a4 Rxc5 40.a5 Rc2+ 41.Kf3 Rc3+ 42.Kf4 Rc4+ 43.Kf3 Rc3+
44.Kf4 Rc4+  1/2-1/2

[Event "ch-Paris"]
[Site "Paris FRA"]
[Date "2006.07.16"]
[Round "9"]
[White "Bauer,Ch"]
[Black "Karr,JP"]
[Result "1-0"]
[WhiteElo "2599"]
[BlackElo "2394"]

1.Nc3 c5 2.e4 Nc6 3.Nge2 Nd4 4.Nxd4 cxd4 5.Nb5 Qb6 6.c3 dxc3 7.Nxc3 e6 8.d4 Nf6
9.a3 Be7 10.Be3 d5 11.e5 Nd7 12.Bd3 Nb8 13.Qg4 g6 14.Nxd5 Qa5+ 15.Nc3 Nc6
16.O-O O-O 17.b4 Qd8 18.Ne4 a5 19.b5 Nxe5 20.dxe5 Qxd3 21.Rfd1 Qxb5 22.Bg5 Bxg5
23.Qxg5 Kg7 24.Qf6+ Kg8 25.Rd8 Bd7 26.Rxa8 Rxa8 27.Nd6 Qb2 28.Qxf7+ Kh8 29.Rf1 Bc6
30.Qf6+ Kg8 31.Qxe6+ Kg7 32.Qf6+ Kg8 33.Nf7 Qd2 34.e6 Kf8 35.Nd8+ Ke8 36.Nxc6 Qd8  1-0

[Event "25th Open"]
[Site "St Veit AUT"]
[Date "2006.07.16"]
[Round "9"]
[White "Manole,V"]
[Black "Sandhoefner,F"]
[Result "1-0"]
[WhiteElo "2383"]
[BlackElo "2271"]

1.e4 c5 2.Nc3 Nc6 3.Bb5 Nd4 4.Bc4 g6 5.Nf3 Bg7 6.Nxd4 cxd4 7.Qf3 Nh6 8.Ne2 O-O
9.d3 Ng4 10.Bb3 Ne5 11.Qg3 Qb6 12.f4 Nc6 13.a3 e6 14.h4 f5 15.h5 Ne7 16.Qh3 Qc5
17.g4 fxg4 18.Qxg4 b5 19.a4 b4 20.hxg6 hxg6 21.Bd2 d5 22.Ng3 Qd6 23.O-O-O Rb8
24.Rdg1 Bd7 25.Qh4 Kf7 26.f5 exf5 27.exf5 Nxf5 28.Nxf5 Bxf5 29.Bf4 Be5 30.Qh7+ Kf6
31.Qh4+ Kf7 32.Bxe5 Qxe5 33.Re1 Qd6 34.Qxd4  1-0

[Event "Inautomarket Open"]
[Site "Minsk BLR"]
[Date "2006.07.17"]
[Round "8"]
[White "Popov,Iv RUS"]
[Black "Vysochin,S"]
[Result "1/2-1/2"]
[WhiteElo "2485"]
[BlackElo "2555"]

1.e4 c5 2.Nf3 Nc6 3.Nc3 e5 4.Bc4 Be7 5.d3 d6 6.O-O Nf6 7.Ng5 O-O 8.f4 Bg4
9.Qe1 exf4 10.Bxf4 Nd4 11.Qd2 h6 12.Nf3 Nxf3+ 13.gxf3 Be6 14.Kh1 Kh7 15.Rae1 Nh5
16.Be3 Bh4 17.Bf2 Bg5 18.Be3 Bh4 19.Bf2 Bg5 20.Be3  1/2-1/2

[Event "XI Open"]
[Site "Balaguer ESP"]
[Date "2006.07.18"]
[Round "2"]
[White "Ibarra Chami,L"]
[Black "Barrientos,S"]
[Result "1/2-1/2"]
[WhiteElo "2223"]
[BlackElo "2435"]

1.e4 c5 2.Ne2 Nc6 3.Nbc3 e6 4.g3 d5 5.exd5 exd5 6.d4 Nf6 7.Bg2 cxd4 8.Nxd4 Be7
9.O-O O-O 10.h3 h6 11.a3 Bc5 12.Be3 Bb6 13.Qd2 Ne5 14.b3 Bxh3 15.Bxh3 Bxd4
16.Bg2 Bxc3 17.Qxc3 Re8 18.Bd4 Rc8 19.Qb2 Qd6 20.Rfe1 Ned7 21.Rxe8+ Rxe8
22.Rd1 b6 23.Bxf6 Nxf6 24.c4 d4 25.Rxd4 Re1+ 26.Bf1 Qe6 27.Qc2 g6 28.Rd1 Re5
29.Rd2 h5 30.Re2 h4 31.Rxe5 Qxe5 32.gxh4 Ng4 33.Bg2 Qh2+ 34.Kf1 Qxh4 35.b4 Qf6
36.Kg1 Qa1+ 37.Bf1 Qe5 38.Bg2 Qa1+ 39.Bf1 Qxa3 40.Qe4 Nh6 41.Qe8+ Kh7 42.Qb5 Nf5
43.c5 bxc5 44.bxc5 Nd4 45.Qc4 Nf3+ 46.Kg2 Ne5 47.Qd5 Qb2 48.Ba6 Kg7 49.c6 Qc3
50.Bb7 g5 51.Qd8 Qf3+ 52.Kf1 Qh1+ 53.Ke2 Qe4+ 54.Kf1 Qh1+ 55.Ke2 Qe4+ 56.Kf1 Qh1+
57.Ke2  1/2-1/2

[Event "GM Scheveningen"]
[Site "Taiyuan CHN"]
[Date "2006.07.19"]
[Round "9"]
[White "Zhang Pengxiang"]
[Black "Timofeev,Arty"]
[Result "1/2-1/2"]
[WhiteElo "2622"]
[BlackElo "2657"]

1.e4 c5 2.Nf3 Nc6 3.Nc3 e5 4.Bc4 Be7 5.d3 d6 6.Nd5 Nf6 7.O-O O-O 8.c3 Kh8
9.a3 Nxd5 10.Bxd5 f5 11.exf5 Bxf5 12.b4 cxb4 13.axb4 a6 14.Be3 Bf6 15.d4 Qc7
16.dxe5 Nxe5 17.Nxe5 Bxe5 18.Rc1 Rac8 19.Re1 Bd7 20.Bd4 Ba4 21.Qd2 Bf4 22.Be3 Be5
23.Bd4 Bf4 24.Be3 Be5 25.Bd4 Bf4  1/2-1/2

[Event "Canadian Open"]
[Site "Kitchener CAN"]
[Date "2006.07.20"]
[Round "6"]
[White "Ho,C"]
[Black "Lee,V"]
[Result "1/2-1/2"]
[WhiteElo "2046"]
[BlackElo "2236"]

1.e4 c5 2.Nc3 Nc6 3.Bb5 g6 4.Bxc6 bxc6 5.d3 Bg7 6.f4 d6 7.h3 Ba6 8.Nf3 Nf6
9.O-O O-O 10.Qe1 Nd7 11.Kh1 e5 12.f5 gxf5 13.Nh4 f4 14.Nf5 Re8 15.Nxd6 Re6
16.Nf5 c4 17.dxc4 Bxc4 18.Rf3 Rg6 19.b3 Be6 20.Rd3 Qf6 21.Rd6 Rc8 22.Nh4 Rh6
23.Nf3 Bf8 24.Rd2 Rh5 25.Bb2 Bc5 26.Rad1 Nf8 27.Nb1 Ng6 28.Ba3 Qe7 29.Bxc5 Qxc5
30.Qf2 Qb4 31.Rd8+ Rxd8 32.Rxd8+ Kg7 33.c4 Bxc4 34.Qxa7 Be6 35.Nbd2 Qc3 36.Rd6 Bg4
37.Kh2 Qe3 38.Rd7 Bxh3 39.Rxf7+ Kg8 40.gxh3 Qe2+ 41.Kg1 Rxh3 42.Qb8+ Kxf7
43.Qc7+ Ne7 44.Ng5+ Kf6 45.Qd6+  1/2-1/2